IC05 contract adminstration guide (Record no. 106190)
[ view plain ]
| 000 -LEADER | |
|---|---|
| fixed length control field | 01552cam a2200253 4500 |
| 001 - CONTROL NUMBER | |
| control field | L135757 |
| 008 - FIXED-LENGTH DATA ELEMENTS--GENERAL INFORMATION | |
| fixed length control field | 061208n2006 000 0 eng u |
| 020 ## - INTERNATIONAL STANDARD BOOK NUMBER | |
| International Standard Book Number | 1859462413 |
| -- | 9781859462416 |
| 035 ## - SYSTEM CONTROL NUMBER | |
| System control number | (Sirsi) u135757 |
| 041 0# - LANGUAGE CODE | |
| Language code of text/sound track or separate title | eng |
| 050 04 - LIBRARY OF CONGRESS CALL NUMBER | |
| Classification number | 692.8 $2 18 |
| 245 00 - TITLE STATEMENT | |
| Title | IC05 contract adminstration guide |
| Remainder of title | completing the contract and administration forms |
| 260 ## - PUBLICATION, DISTRIBUTION, ETC. | |
| Place of publication, distribution, etc. | London |
| Name of publisher, distributor, etc. | RIBA Publications |
| Date of publication, distribution, etc. | 2006 |
| 300 ## - PHYSICAL DESCRIPTION | |
| Extent | 63p. |
| Dimensions | 30cm. |
| 350 ## - PRICE (NR) (BK AM CF MU VM SE) [OBSOLETE] | |
| Price | 17.50 |
| 505 2# - FORMATTED CONTENTS NOTE | |
| Formatted contents note | Preparing and completing the form of contract -- Recitals -- Articles -- Contract particulars -- The RIBA contract administration forms -- Architects/contract administrator's instruction -- Notification of an extension of time -- Interim certificate -- Statement of partial possession by the employer -- Non-completion certificate -- practical completion certificate -- Section completion certificate -- Certificate of making good -- Final certificate |
| 520 ## - SUMMARY, ETC. | |
| Summary, etc. | Intended to accompany the range of contract administration forms for the JCT 2005 main contracts. Offers guidance on filling in articles, recitals and contracts, and includes worked examples and checklists which contain action reminders at pre-contract stage and a clause by clause list of the duties that the architect or contract administrator must carry out |
| 590 ## - LOCAL NOTE (RLIN) | |
| Local note | KA |
| 651 #4 - SUBJECT ADDED ENTRY--GEOGRAPHIC NAME | |
| Geographic name | United Kingdom |
| Chronological subdivision | |
| 690 ## - LOCAL SUBJECT ADDED ENTRY--TOPICAL TERM (OCLC, RLIN) | |
| Topical term or geographic name as entry element | BUILT ENVIRONMENT-BUILDING CONTRACT FORMS-STANDARD FORMS OF BUILDING CONTRACT-JOINT CONTRACTS TRIBUNAL CONTRACTS |
| 700 1# - ADDED ENTRY--PERSONAL NAME | |
| Personal name | Chappell, David |
| Relator term | Editor |
| 942 ## - ADDED ENTRY ELEMENTS (KOHA) | |
| Suppress in OPAC | 0 |
| Withdrawn status | Lost status | Source of classification or shelving scheme | Damaged status | Not for loan | Home library | Current library | Shelving location | Date acquired | Total Checkouts | Full call number | Barcode | Date last seen | Copy number | Price effective from | Koha item type |
|---|---|---|---|---|---|---|---|---|---|---|---|---|---|---|---|
| Dewey Decimal Classification | London | London | Reference copy | 26/01/2007 | F 692.8 IC0 | 30073504 | 06/08/2019 | 2 | 06/08/2019 | Book |